000 00672nam a22002417a 4500
001 100769
003 UA-OsUOA
005 20230810111303.0
007 ta
008 20130530b un ||||| |||| 00| 0 ukr d
040 _aUA-OsUOA
_bukr
_cUA-OsUOA
_dUA-OsUOA
041 _aukr
080 _a82"652"
090 _a82"652"
_bГ67
100 _aГорацій К. Ф.
245 _aТвори
_cКвінт Горацій Флакк
260 _aК.
_bДніпро
_c1982
300 _a254 с.
650 7 _a82 Література. Літературознавство
_2UDC
942 _cBK
_2udc
955 _a3
999 _c387037
_d387037